00587nam a2200193Ia 450000500170000000800410001702000150005808200130007324500680008626000450015430000200019965000120021965000140023165000140024570000180025994200060027795200950028399900150037820250106023947.0240331s9999 xx 000 0 und d a0195634438 bSUBa950 0aSubaltern studies :bwritings on South Asian hstory andsociety aMew DelhibOxford University Pressc1994 aviii, 241 p ., aHistory aPolitical aSociology aGuha,R. eedt cL 001040708LaWERCLbWERCLcSSCd2024-03-31l0o 950 SUBp3637r2024-03-31w2024-03-31yL c3518d3518